Catalog

Record Details

Catalog Search



Miguel and the amazing alebrijes  Cover Image Book Book

Miguel and the amazing alebrijes / by Roni Capin Rivera-Ashford and Aarón Rivera-Ashford ; illustrated by Ricardo De los Angeles.

Summary:

A full-color storybook based on the hit film coming to theaters in fall 2017!

Record details

  • ISBN: 9780736437660
  • ISBN: 0736437665
  • ISBN: 9781518253072
  • ISBN: 1518253075
  • Physical Description: 22 unnumbered pages : color illustrations ; 21 cm.
  • Publisher: New York : Random House Children's Books, a division of Penguin Random House, LLC, ©2017.
Subject: Sculpture, Mexican > Juvenile fiction.
Folk art > Mexico > Juvenile fiction.

Available copies

  • 1 of 1 copy available at scottsboropl.

Holds

  • 0 current holds with 1 total copy.
Show Only Available Copies
Location Call Number / Copy Notes Barcode Shelving Location Status Due Date
scottsboropl E Dis 32269001061814 Juvenile - Easy Available -

LDR 01630nam a2200409Ii 4500
001147099
003CONS
00520180511125704.0
008170127s2017 nyua j 000 1 eng d
020 . ‡a9780736437660
020 . ‡a0736437665
020 . ‡a9781518253072
020 . ‡a1518253075
035 . ‡a(CPomAG)LMN606168
043 . ‡an-mx---
05014. ‡aPZ7.1.R582 ‡bMi 2017
08204. ‡a[E] ‡223
1001 . ‡aRivera-Ashford, Roni Capin, ‡eauthor.
24510. ‡aMiguel and the amazing alebrijes / ‡cby Roni Capin Rivera-Ashford and Aarón Rivera-Ashford ; illustrated by Ricardo De los Angeles.
2463 . ‡aDisney Pixar Coco : ‡bMiguel and the amazing alebrijes
264 1. ‡aNew York : ‡bRandom House Children's Books, a division of Penguin Random House, LLC, ‡c©2017.
300 . ‡a22 unnumbered pages : ‡bcolor illustrations ; ‡c21 cm.
336 . ‡atext ‡btxt ‡2rdacontent
336 . ‡astill image ‡bsti ‡2rdacontent
337 . ‡aunmediated ‡bn ‡2rdamedia
338 . ‡avolume ‡bnc ‡2rdacarrier
4901 . ‡aA Random House pictureback book
520 . ‡aA full-color storybook based on the hit film coming to theaters in fall 2017!
650 0. ‡aSculpture, Mexican ‡vJuvenile fiction.
650 0. ‡aFolk art ‡zMexico ‡vJuvenile fiction.
7001 . ‡aRivera-Ashford, Aarón, ‡eauthor.
7001 . ‡aDe los Angeles, Ricardo, ‡eillustrator.
7300 . ‡iBased on: ‡aCoco (Motion picture)
830 0. ‡aRandom House pictureback.
914 . ‡aSCP_kt
959 . ‡i32269001061814 ‡lBR Riv ‡aJuvenile - Easy ‡tBeginning Reader ‡g18.00
852 . ‡p32269001061814 ‡jBR Riv ‡gJuvenile - Easy ‡cBeginning Reader ‡y18.00 ‡bSBPL
901 . ‡a147099 ‡bUnknown ‡c147099 ‡tbiblio

Additional Resources